[Event "GER-ch Net blitz qual4"]
[Site "Playchess.com INT"]
[Date "2021.05.10"]
[Round "3"]
[White "Polaski, Frank"]
[Black "Hinkmann, Jens"]
[Result "1-0"]
[WhiteElo "1414"]
[BlackElo "1885"]
[PlyCount "99"]
[EventDate "2021.05.10"]
[EventType "swiss (blitz)"]
[EventRounds "11"]
[EventCountry "GER"]
[SourceTitle "CBM 202 Extra"]
[Source "ChessBase"]
[SourceDate "2021.07.31"]
[SourceVersion "1"]
[SourceVersionDate "2021.07.31"]
[SourceQuality "1"]

1. e4 e5 2. Nf3 Nc6 3. Bc4 Be7 4. 0-0 d6 5. d3 Nf6 6. Bg5 h6 7. Bxf6 Bxf6 8. Nc3 0-0 9. a3 Bg4 10. h3 Bh5 11. g4 Bg6 12. Nd5 Nb8 13. Bb3 Nd7 14. c3 c6 15. Ne3 Bg5 16. Ng2 Nc5 17. Bc2 Ne6 18. h4 Bf4 19. h5 Bh7 20. Nh2 d5 21. Re1 dxe4 22. dxe4 Qxd1 23. Raxd1 Rfd8 24. f3 Kf8 25. Bb3 Bg5 26. Bxe6 fxe6 27. Nf1 Ke7 28. Nfe3 b5 29. Nc2 a5 30. Kf1 Bd2 31. Re2 Bg5 32. Ree1 Bg8 33. Ke2 Bh7 34. Nge3 g6 35. Rd3 Rxd3 36. Kxd3 Rd8+ 37. Ke2 gxh5 38. gxh5 Bg8 39. Ng4 Bf7 40. Nxe5 Kd6 41. Nxf7+ Kc5 42. Nxd8 Bxd8 43. b3 Bg5 44. Rd1 a4 45. b4+ Kc4 46. Rd6 Kxc3 47. Kd1 Kb3 48. Rxe6 Bf4 49. Rxc6 Bg5 50. Rb6 1-0

[Event "GER-ch Net blitz qual3"]
[Site "Playchess.com INT"]
[Date "2021.05.07"]
[Round "5"]
[White "Gallasch, Jonas"]
[Black "Hinkmann, Jens"]
[Result "1-0"]
[WhiteElo "2012"]
[BlackElo "1654"]
[PlyCount "99"]
[EventDate "2021.05.07"]
[EventType "swiss (blitz)"]
[EventRounds "11"]
[EventCountry "GER"]
[SourceTitle "CBM 202 Extra"]
[Source "ChessBase"]
[SourceDate "2021.07.31"]
[SourceVersion "1"]
[SourceVersionDate "2021.07.31"]
[SourceQuality "1"]

1. d4 d5 2. c4 Nc6 3. Nf3 Bg4 4. cxd5 Bxf3 5. gxf3 Qxd5 6. e3 e5 7. Nc3 Bb4 8. dxe5 Qxd1+ 9. Kxd1 0-0-0+ 10. Kc2 Nxe5 11. Be2 Nf6 12. Bd2 g5 13. Rhg1 h6 14. a3 Ba5 15. b4 Bb6 16. Na4 Rd6 17. Bc3 Re8 18. Rad1 Nd5 19. h4 Bxe3 20. Rxd5 Bxf2 21. Rxd6 Bxg1 22. Rxh6 gxh4 23. Rxh4 f5 24. Nc5 Ng6 25. Rh6 Bxc5 26. Bd3 Nf4 27. Bxf5+ Kb8 28. bxc5 Nd5 29. Bd2 Ne3+ 30. Bxe3 b6 31. Be4 a5 32. cxb6 cxb6 33. Rxb6+ Kc7 34. Rb7+ Kc8 35. Ra7 Re5 36. Bd4 Rh5 37. Ra8+ Kc7 38. Ra7+ Kc8 39. Rg7 Kd8 40. Kb3 Ke8 41. Kc4 Kf8 42. Ra7 Ke8 43. Bg6+ Kd8 44. Bf6+ Kc8 45. Bxh5 a4 46. Bg4+ Kb8 47. Rh7 Ka8 48. f4 Kb8 49. Be5+ Ka8 50. Bf3# 1-0

[Event "Ruhrgebiet Verbandsliga Gruppe 2 1819"]
[Site "Nordrheinwestfalen"]
[Date "2019.03.24"]
[Round "8.2"]
[White "Hinkmann, Jens"]
[Black "Gerlach, Felix Tobias"]
[Result "1-0"]
[WhiteElo "2012"]
[BlackElo "2083"]
[PlyCount "69"]
[EventDate "2018.09.23"]
[EventType "team-tourn"]
[EventRounds "9"]
[EventCountry "GER"]
[SourceTitle "EXT 2022"]
[Source "ChessBase"]
[SourceDate "2021.10.06"]
[SourceVersion "1"]
[SourceVersionDate "2021.10.06"]
[SourceQuality "1"]
[WhiteTeam "Bochum SV II"]
[BlackTeam "Brackel SF III"]
[WhiteTeamCountry "GER"]
[BlackTeamCountry "GER"]

1. e4 e5 2. Nc3 Nf6 3. f4 d5 4. fxe5 Nxe4 5. d3 Nxc3 6. bxc3 d4 7. Nf3 Nc6 8. cxd4 Bb4+ 9. Bd2 Bxd2+ 10. Qxd2 Nxd4 11. c3 Nxf3+ 12. gxf3 Qh4+ 13. Qf2 Qxf2+ 14. Kxf2 Be6 15. Rg1 0-0 16. Ke3 f6 17. f4 fxe5 18. fxe5 Rf5 19. d4 Raf8 20. Bg2 c6 21. Rgf1 Rh5 22. Rxf8+ Kxf8 23. h3 Bxh3 24. Bf3 Rh6 25. c4 Bc8 26. d5 g5 27. Rg1 Rg6 28. Bh5 Rg7 29. e6 Ke7 30. Kd4 b5 31. Ke5 Bxe6 32. dxe6 bxc4 33. Rd1 c3 34. Rd7+ Kf8 35. Kf6 1-0

[Event "Ruhrgebiet Verbandsklasse Gruppe 2 1718"]
[Site "Germany"]
[Date "2018.02.04"]
[Round "6.4"]
[White "Hinkmann, Jens"]
[Black "Schlueter, Christoph"]
[Result "1/2-1/2"]
[WhiteElo "1987"]
[BlackElo "1975"]
[PlyCount "59"]
[EventDate "2017.09.17"]
[EventType "team-tourn"]
[EventRounds "9"]
[EventCountry "GER"]
[SourceTitle "EXT 2022"]
[Source "ChessBase"]
[SourceDate "2021.10.06"]
[SourceVersion "1"]
[SourceVersionDate "2021.10.06"]
[SourceQuality "1"]
[WhiteTeam "Bochum SV II"]
[BlackTeam "Kirchhellen SF"]
[WhiteTeamCountry "GER"]
[BlackTeamCountry "GER"]

1. e4 c5 2. Nc3 a6 3. a4 Nc6 4. g3 g6 5. Bg2 Bg7 6. d3 Rb8 7. Be3 d6 8. Qd2 b5 9. axb5 axb5 10. Nge2 Nd4 11. 0-0 b4 12. Bxd4 Bxd4 13. Nd1 Bg7 14. d4 cxd4 15. Nxd4 Qb6 16. e5 Bd7 17. Ne3 Bxe5 18. c3 Nf6 19. Nc4 Qc5 20. Nxe5 dxe5 21. Nb3 Qb6 22. c4 Qc7 23. Rfc1 0-0 24. Qe3 e4 25. Ra7 Qe5 26. Qd4 Qxd4 27. Nxd4 Rfd8 28. c5 e5 29. Nb3 Rdc8 30. Na5 1/2-1/2

[Event "Oberliga NRW 1718"]
[Site "Germany"]
[Date "2017.12.17"]
[Round "4.8"]
[White "Hinkmann, Jens"]
[Black "Wagner, Leopold Franziskus"]
[Result "1/2-1/2"]
[WhiteElo "1987"]
[BlackElo "2074"]
[PlyCount "41"]
[EventDate "2017.09.17"]
[EventType "team-tourn"]
[EventRounds "9"]
[EventCountry "GER"]
[SourceTitle "EXT 2019"]
[Source "ChessBase"]
[SourceDate "2018.10.10"]
[SourceVersion "1"]
[SourceVersionDate "2018.10.10"]
[SourceQuality "1"]
[WhiteTeam "Bochum SV"]
[BlackTeam "Muelheim Nord II"]
[WhiteTeamCountry "GER"]
[BlackTeamCountry "GER"]

1. e4 c6 2. d4 d5 3. e5 Bf5 4. g4 Bg6 5. h4 h5 6. e6 Qd6 7. exf7+ Bxf7 8. g5 g6 9. f4 Be6 10. Bd3 Bg4 11. Nf3 Bg7 12. c3 Nd7 13. 0-0 Nf8 14. Qc2 0-0-0 15. Be3 Qe6 16. Qf2 Bf5 17. Be2 Qd6 18. Ne5 Bxe5 19. dxe5 Qd7 20. Bxa7 Bg4 21. Nd2 1/2-1/2

[Event "Ruhrgebiet Verbandsklasse Gruppe 2 1718"]
[Site "Germany"]
[Date "2017.09.17"]
[Round "1.4"]
[White "Jedner, Volker"]
[Black "Hinkmann, Jens"]
[Result "0-1"]
[WhiteElo "1832"]
[BlackElo "1980"]
[PlyCount "90"]
[EventDate "2017.09.17"]
[EventType "team-tourn"]
[EventRounds "9"]
[EventCountry "GER"]
[SourceTitle "EXT 2022"]
[Source "ChessBase"]
[SourceDate "2021.10.06"]
[SourceVersion "1"]
[SourceVersionDate "2021.10.06"]
[SourceQuality "1"]
[WhiteTeam "Hoentrop SG"]
[BlackTeam "Bochum SV II"]
[WhiteTeamCountry "GER"]
[BlackTeamCountry "GER"]

1. d4 d5 2. Nf3 Nc6 3. e3 Bg4 4. Be2 Nf6 5. b3 e6 6. Bb2 Ne4 7. 0-0 Be7 8. Nbd2 Nxd2 9. Qxd2 0-0 10. a3 f5 11. b4 a6 12. c4 dxc4 13. Bxc4 Qd6 14. Ne1 f4 15. h3 fxe3 16. Qxe3 Bf5 17. g4 Bg6 18. Qxe6+ Kh8 19. Qxd6 Bxd6 20. Ng2 Rf3 21. Nh4 Rxh3 22. Nxg6+ hxg6 23. Rae1 Rf8 24. Re3 Rh4 25. Be2 g5 26. f3 Bh2+ 27. Kg2 Bf4 28. Re6 Rd8 29. Rd1 Rh2+ 30. Kg1 Kg8 31. d5 Ne5 32. Kf1 Rh1+ 33. Kf2 Rxd1 34. Bxd1 Nd3+ 35. Ke2 Nxb2 36. Bb3 Rd6 37. Re7 b5 38. Rxc7 Nc4 39. Rc8+ Kf7 40. Bxc4 bxc4 41. Rxc4 Rxd5 42. Rc2 Ke6 43. Rb2 Re5+ 44. Kf2 Be3+ 45. Kg2 Rd5 0-1

[Event "Ruhrgebiet Verbandsklasse Gruppe 2 1617"]
[Site "Germany"]
[Date "2017.01.29"]
[Round "6.3"]
[White "Hinkmann, Jens"]
[Black "Kromat, Stefan"]
[Result "0-1"]
[WhiteElo "2002"]
[BlackElo "1743"]
[PlyCount "64"]
[EventDate "2016.09.04"]
[EventType "team-tourn"]
[EventRounds "9"]
[EventCountry "GER"]
[SourceTitle "EXT 2022"]
[Source "ChessBase"]
[SourceDate "2021.10.06"]
[SourceVersion "1"]
[SourceVersionDate "2021.10.06"]
[SourceQuality "1"]
[WhiteTeam "Bochum SV II"]
[BlackTeam "Schueren"]
[WhiteTeamCountry "GER"]
[BlackTeamCountry "GER"]

1. e4 d6 2. d4 Nf6 3. Nc3 Nbd7 4. Nf3 e5 5. Bc4 Be7 6. Ng5 0-0 7. Bxf7+ Rxf7 8. Ne6 Qe8 9. Nxc7 Qd8 10. Nxa8 b5 11. dxe5 Nxe5 12. 0-0 Bb7 13. f4 Nc6 14. e5 dxe5 15. Qxd8+ Bxd8 16. Nxb5 Bxa8 17. fxe5 Nxe5 18. b3 Neg4 19. h3 Bb6+ 20. Kh1 Nh5 21. hxg4 Rxf1+ 22. Kh2 Nf4 23. Bb2 Rf2 24. Kg3 Ne2+ 25. Kh4 Bd8+ 26. g5 h6 27. Be5 Bxg5+ 28. Kh5 Bxg2 29. Nd6 Kh7 30. Kg4 Bf3+ 31. Kh3 h5 32. Nf7 Bg4# 0-1

[Event "Ruhrgebiet Verbandsklasse Gruppe 2 1617"]
[Site "Germany"]
[Date "2016.11.27"]
[Round "4.4"]
[White "Gasper, Joern"]
[Black "Hinkmann, Jens"]
[Result "1-0"]
[WhiteElo "1919"]
[BlackElo "2002"]
[PlyCount "117"]
[EventDate "2016.09.04"]
[EventType "team-tourn"]
[EventRounds "9"]
[EventCountry "GER"]
[SourceTitle "EXT 2022"]
[Source "ChessBase"]
[SourceDate "2021.10.06"]
[SourceVersion "1"]
[SourceVersionDate "2021.10.06"]
[SourceQuality "1"]
[WhiteTeam "Waltrop SV"]
[BlackTeam "Bochum SV II"]
[WhiteTeamCountry "GER"]
[BlackTeamCountry "GER"]

1. e4 e5 2. Nf3 Nc6 3. Bc4 Bc5 4. 0-0 d6 5. d3 Na5 6. Nbd2 Ne7 7. c3 Nxc4 8. Nxc4 a6 9. Be3 Bxe3 10. Nxe3 0-0 11. d4 exd4 12. Nxd4 c5 13. Ndf5 Bxf5 14. Nxf5 Nxf5 15. exf5 Qd7 16. Qd5 Rfe8 17. Rfe1 Rxe1+ 18. Rxe1 Re8 19. Re3 h6 20. h3 Kf8 21. Kh2 Qc6 22. Qxc6 bxc6 23. Kg3 Re7 24. Kf3 Ke8 25. Ke2 Kd8 26. Kd3 Rb7 27. b3 Kd7 28. Rg3 Ke7 29. Rxg7 Kf6 30. Rh7 Kxf5 31. Rxh6 f6 32. g4+ Kg5 33. Rh5+ Kg6 34. f4 Re7 35. f5+ Kg7 36. g5 fxg5 37. Rxg5+ Kf7 38. Rg6 Re1 39. Kd2 Rh1 40. Rxd6 Rh2+ 41. Kd3 Rxa2 42. Rxc6 a5 43. Ra6 Rf2 44. Rxa5 Rxf5 45. Kc4 Rh5 46. Rxc5 Rxh3 47. Re5 Kf6 48. Re1 Rh4+ 49. Kb5 Rh3 50. Kb4 Rh8 51. c4 Rb8+ 52. Kc3 Rh8 53. c5 Rh3+ 54. Kc4 Rh4+ 55. Kb5 Rh5 56. b4 Rh4 57. c6 Rh5+ 58. Kb6 Rh4 59. b5 1-0

[Event "Ruhrgebiet Verbandsklasse Gruppe 2 1617"]
[Site "Germany"]
[Date "2016.10.30"]
[Round "3.3"]
[White "Hinkmann, Jens"]
[Black "Wilbert, Siegfried"]
[Result "1/2-1/2"]
[WhiteElo "2002"]
[BlackElo "1985"]
[PlyCount "39"]
[EventDate "2016.09.04"]
[EventType "team-tourn"]
[EventRounds "9"]
[EventCountry "GER"]
[SourceTitle "EXT 2022"]
[Source "ChessBase"]
[SourceDate "2021.10.06"]
[SourceVersion "1"]
[SourceVersionDate "2021.10.06"]
[SourceQuality "1"]
[WhiteTeam "Bochum SV II"]
[BlackTeam "Buer SF"]
[WhiteTeamCountry "GER"]
[BlackTeamCountry "GER"]

1. e4 c5 2. Nc3 Nc6 3. g3 g6 4. Bg2 Bg7 5. d3 d6 6. Be3 e5 7. Qd2 Nd4 8. Nd5 Be6 9. c3 Nc6 10. Ne2 h5 11. h3 Qd7 12. d4 cxd4 13. cxd4 Bxd5 14. exd5 Nce7 15. dxe5 dxe5 16. 0-0 Nf6 17. Nc3 0-0 18. f4 e4 19. Kh2 Nf5 20. Nxe4 1/2-1/2

[Event "Ruhrgebiet Verbandsklasse Gruppe 2 1617"]
[Site "Germany"]
[Date "2016.09.04"]
[Round "1.4"]
[White "Herrmann, Uwe"]
[Black "Hinkmann, Jens"]
[Result "1-0"]
[WhiteElo "1923"]
[BlackElo "1994"]
[PlyCount "53"]
[EventDate "2016.09.04"]
[EventType "team-tourn"]
[EventRounds "9"]
[EventCountry "GER"]
[SourceTitle "EXT 2022"]
[Source "ChessBase"]
[SourceDate "2021.10.06"]
[SourceVersion "1"]
[SourceVersionDate "2021.10.06"]
[SourceQuality "1"]
[WhiteTeam "Annen Sport Union"]
[BlackTeam "Bochum SV II"]
[WhiteTeamCountry "GER"]
[BlackTeamCountry "GER"]

1. d4 d5 2. Nf3 Nc6 3. Bf4 Nf6 4. e3 Bg4 5. h3 Bh5 6. c4 dxc4 7. Bxc4 e5 8. dxe5 Qxd1+ 9. Kxd1 0-0-0+ 10. Ke2 Nd7 11. g4 Bg6 12. Rd1 Re8 13. e6 fxe6 14. Nc3 a6 15. Ng5 e5 16. Bg3 Nb6 17. Be6+ Kb8 18. Bf7 Bxf7 19. Nxf7 Rg8 20. Nd5 Nd4+ 21. Rxd4 exd4 22. Bxc7+ Kc8 23. Bxb6 dxe3 24. Rc1+ Kd7 25. Rc7+ Ke6 26. Nf4+ Kf6 27. Bd4+ 1-0

[Event "Ruhrgebiet Verbandsklasse Gruppe 2 1415"]
[Site "Germany"]
[Date "2014.10.19"]
[Round "2.2"]
[White "Hinkmann, Jens"]
[Black "Gross, Thomas"]
[Result "0-1"]
[WhiteElo "2019"]
[BlackElo "1920"]
[PlyCount "88"]
[EventDate "2014.09.21"]
[EventType "team-tourn"]
[EventRounds "9"]
[EventCountry "GER"]
[SourceTitle "EXT 2022"]
[Source "ChessBase"]
[SourceDate "2021.10.06"]
[SourceVersion "1"]
[SourceVersionDate "2021.10.06"]
[SourceQuality "1"]
[WhiteTeam "Bochum SC an der Uni"]
[BlackTeam "Oberhausen SV III"]
[WhiteTeamCountry "GER"]
[BlackTeamCountry "GER"]

1. e4 c6 2. d4 d5 3. e5 Bf5 4. g4 Be4 5. f3 Bg6 6. h4 h5 7. e6 Qd6 8. exf7+ Bxf7 9. Ne2 hxg4 10. fxg4 Nd7 11. Bf4 e5 12. dxe5 Nxe5 13. Bxe5 Qxe5 14. Qd4 Bd6 15. Qxe5+ Bxe5 16. c3 Nf6 17. g5 Ne4 18. Bg2 0-0-0 19. Nd2 Ng3 20. Rh3 Nxe2 21. Kxe2 Rde8 22. Kf1 Be6 23. Rh1 Bg3 24. Bh3 Rxh4 25. Bxe6+ Rxe6 26. Rxh4 Bxh4 27. Nf3 Re4 28. Kg2 Bxg5 29. Nxg5 Rg4+ 30. Kf3 Rxg5 31. Rh1 Re5 32. Rg1 g5 33. Rh1 Kc7 34. Rh7+ Kb6 35. Rg7 a5 36. a4 Re4 37. Rxg5 Rxa4 38. Ke3 Ra2 39. Rg2 a4 40. Rg4 c5 41. Rg6+ Kb5 42. Rd6 Rxb2 43. Rxd5 Kc4 44. Rh5 a3 0-1

[Event "Goch op 25th"]
[Site "Goch"]
[Date "2014.09.05"]
[Round "3"]
[White "Hinkmann, Jens"]
[Black "Maczkowiak, Thomas"]
[Result "1/2-1/2"]
[WhiteElo "2111"]
[BlackElo "1944"]
[PlyCount "57"]
[EventDate "2014.09.04"]
[EventType "swiss"]
[EventRounds "7"]
[EventCountry "GER"]
[SourceTitle "EXT 2016"]
[Source "ChessBase"]
[SourceDate "2015.10.08"]
[SourceVersion "1"]
[SourceVersionDate "2015.10.08"]
[SourceQuality "1"]

1. e4 c6 2. d4 d5 3. e5 Bf5 4. g4 Bg6 5. h4 h5 6. e6 Qd6 7. exf7+ Bxf7 8. g5 Nd7 9. f4 e6 10. Bd3 g6 11. Ne2 Ne7 12. Nd2 Nf5 13. Nf3 Bg7 14. c3 0-0 15. Ne5 Rac8 16. b4 Rfd8 17. Bd2 b6 18. Kf2 c5 19. Bxf5 exf5 20. Ng3 cxd4 21. cxd4 Nf8 22. Rg1 Ne6 23. Nxf5 gxf5 24. g6 Be8 25. Qxh5 Nf8 26. Qxf5 Qe6 27. Qxe6+ Nxe6 28. Be3 Rc2+ 29. Ke1 1/2-1/2

[Event "Ruhrgebiet VK2 1213"]
[Site "Nordrheinwestfalen"]
[Date "2013.02.03"]
[Round "6.3"]
[White "Hinkmann, Jens"]
[Black "Fuest, Torsten"]
[Result "1-0"]
[WhiteElo "1936"]
[BlackElo "1932"]
[PlyCount "81"]
[EventDate "2012.09.02"]
[EventType "team-tourn"]
[EventRounds "9"]
[EventCountry "GER"]
[SourceTitle "EXT 2020"]
[Source "ChessBase"]
[SourceDate "2019.10.17"]
[SourceVersion "1"]
[SourceVersionDate "2019.10.17"]
[SourceQuality "1"]
[WhiteTeam "Bochum Uni"]
[BlackTeam "Boenen SV"]
[WhiteTeamCountry "GER"]
[BlackTeamCountry "GER"]

1. e4 c5 2. Nc3 Nc6 3. g3 g6 4. Bg2 Bg7 5. d3 d6 6. Be3 Rb8 7. f4 Nd4 8. Qd2 e6 9. Nf3 Ne7 10. 0-0 f5 11. e5 Nec6 12. exd6 Qxd6 13. Rae1 0-0 14. Kh1 Bd7 15. Nd1 Nxf3 16. Bxf3 Nd4 17. Bxd4 cxd4 18. c4 b5 19. cxb5 Rxb5 20. b3 Qa3 21. Nb2 Qxa2 22. Ra1 Qxb3 23. Nc4 Qc3 24. Rxa7 Bc8 25. Rc1 Qxd2 26. Nxd2 e5 27. Rcc7 Bf6 28. Nc4 Be6 29. fxe5 Bh8 30. Re7 Bxc4 31. dxc4 Rb1+ 32. Kg2 Rb2+ 33. Kh3 Rd8 34. Bd5+ Rxd5 35. cxd5 Kf8 36. Rf7+ Kg8 37. e6 Rb8 38. Rfb7 Rc8 39. d6 Bf6 40. e7 Kf7 41. d7 1-0

[Event "Ruhrgebiet VK3 0910"]
[Site "Ruhrgebiet"]
[Date "2010.04.18"]
[Round "9.5"]
[White "Ahling, Michael"]
[Black "Hinkmann, Jens"]
[Result "0-1"]
[WhiteElo "1792"]
[BlackElo "2088"]
[PlyCount "34"]
[EventDate "2009.09.06"]
[EventType "team"]
[EventRounds "9"]
[EventCountry "GER"]
[SourceTitle "EXT 2011"]
[Source "ChessBase"]
[SourceDate "2010.11.26"]
[SourceVersion "1"]
[SourceVersionDate "2010.11.26"]
[SourceQuality "1"]
[WhiteTeam "Marten Boevinghausen"]
[BlackTeam "Bochum Uni"]
[WhiteTeamCountry "GER"]
[BlackTeamCountry "GER"]

1. d4 d5 2. c4 Nc6 3. Nf3 Bg4 4. cxd5 Bxf3 5. gxf3 Qxd5 6. e3 e6 7. Nc3 Qa5 8. Bb5 Nge7 9. 0-0 g5 10. e4 0-0-0 11. Be3 Rg8 12. Rc1 Bg7 13. Kh1 Nxd4 14. Bxd4 Bxd4 15. Nd5 Nxd5 16. exd5 Rxd5 17. Qb3 Be5 0-1